000 00321nam a2200145Ia 4500
008 230605s2000 xx 000 0 und d
041 _aeng
245 _aManagement Information System
260 _bZerox Copy
_c2000
300 _a96
365 _b36.96
500 _a180
520 _aGeneral
650 _aComputer
999 _c418240
_d418240